Southville International School and Colleges
Your cart is empty.
  • Cart
  • Lists
    Public lists Eva Luna New books Lux_list list_1
    Your lists Log in to create your own lists
  • Log in to your account
  • Your cookies
  • Search history
Southville International School and Colleges
  • Advanced search
  • Recent comments
  • Most popular
  • Libraries

Log in to your account

Log in with GOOGLE


If you do not have an external account, but do have a local account, you can still log in:

  1. Home
  2. MARC view: Funny facts about animals /
Normal view MARC view ISBD view

Funny facts about animals / (Record no. 104874)

[ view plain ]
MARC details
000 -LEADER
fixed length control field 00514nam a2200169 a 4500
005 - DATE AND TIME OF LATEST TRANSACTION
control field 20140412111330.0
008 - FIXED-LENGTH DATA ELEMENTS--GENERAL INFORMATION
fixed length control field 030206s19uu xx 00 eng d
020 ## - INTERNATIONAL STANDARD BOOK NUMBER
International Standard Book Number 9971-0-0176-4
050 ## - LIBRARY OF CONGRESS CALL NUMBER
Classification number ER
Item number Fu95 1989
100 ## - MAIN ENTRY--PERSONAL NAME
Personal name Fun, Chee Yin
245 ## - TITLE STATEMENT
Title Funny facts about animals /
Statement of responsibility, etc Chee Yin Fun ; illustrations by Chin Wai Heng.
260 ## - PUBLICATION, DISTRIBUTION, ETC. (IMPRINT)
Place of publication, distribution, etc Singapore :
Name of publisher, distributor, etc EPB Publishers Pte Ltd,
Date of publication, distribution, etc 1989.
300 ## - PHYSICAL DESCRIPTION
Extent 1 v. (unp.) ; ill.
650 ## - SUBJECT ADDED ENTRY--TOPICAL TERM
Topical term or geographic name as entry element Animals--Facts
650 ## - SUBJECT ADDED ENTRY--TOPICAL TERM
Topical term or geographic name as entry element Animals--Juvenile literature
Holdings
Withdrawn status Lost status Damaged status Use restrictions Home library Current library Shelving location Date acquired Source of acquisition Total Checkouts Full call number Barcode Date last seen Price effective from Koha item type
        Elizalde Library Elizalde Library Easy Reading Section 02/06/2003     ER Fu95 1989 E8896 04/12/2014 04/12/2014 Books

Funny facts about animals /

APA

Fun C. Y., . (1989). Funny facts about animals. Singapore: EPB Publishers Pte Ltd.

Chicago

Fun Chee Yin, . 1989. Funny facts about animals. Singapore: EPB Publishers Pte Ltd.

Harvard

Fun C. Y., . (1989). Funny facts about animals. Singapore: EPB Publishers Pte Ltd.

MLA

Fun Chee Yin, . Funny facts about animals. Singapore: EPB Publishers Pte Ltd. 1989.

  • Place hold
  • Print
  • Cite
  • Add to your cart (remove)
  • Save record
    BIBTEX Dublin Core MARCXML MARC (non-Unicode/MARC-8) MARC (Unicode/UTF-8) MARC (Unicode/UTF-8, Standard) MODS (XML) RIS
  • More searches
    Search for this title in:
    Other Libraries (WorldCat) Other Databases (Google Scholar) Online Stores (Bookfinder.com) Open Library (openlibrary.org)

Exporting to Dublin Core...

SOUTHVILLE LIBRARY

Southville International School and Colleges Library

1281 Tropical Ave. Cor. Luxembourg St., BF Homes International, Las Pinas City

Tel. No. 8256374 / 252358 Loc. 117/146

Powered by Koha